“Let It Snow” Lyrics - Statistics

General Stats
  • This quiz has been taken 275 times
  • The average score is 57 of 78
Answer Stats
Lyric % Correct
it
99%
It
99%
let
99%
Let
99%
{snow},
99%
{snow}!
99%
the
97%
The
97%
is
93%
we
93%
so
91%
{so},
91%
{Oh},
90%
out
90%
weather
90%
{go},
89%
{delightful}!
88%
outside
88%
and
87%
And
87%
but
86%
But
86%
fire
86%
{frightful},
86%
to
86%
no
83%
place
81%
since
79%
you
79%
in
75%
me
75%
be
73%
we’ve
73%
When
72%
of
71%
you’ll
71%
all
69%
way
69%
doesn’t
68%
{warm}!
68%
show
67%
{stopping},
67%
home
66%
finally
65%
{goodnight},
65%
if
65%
I’ll
65%
kiss
65%
signs
65%
{dying},
64%
hold
64%
are
63%
for
63%
slowly
63%
{tight},
63%
my
62%
{popping}.
62%
down
61%
love
61%
we’re
61%
corn
60%
going
60%
hate
60%
lights
60%
{low} …
60%
some
60%
{dear},
59%
{storm}!
59%
turned
58%
I’ve
57%
really
57%
still
57%
as
56%
As
56%
brought
54%
{goodbying}.
54%
how
54%
long
54%
No matching quizzes found
Score Distribution
Percent of People with Each Score
Percentile by Number Answered
Your Score History
You have not taken this quiz